000 00517nam a2200169Ia 4500
008 130821s1927 fr gr fre
040 _aCo-BoUCM
_bspa
041 _afre
100 1 _aClemenceau, Georges
_d1841-
245 1 0 _aAu soir de la pensée
_cGeorges Clemenceau.
260 _aParís (Francia)
_bLibrairie Plon
_c1927
300 _a2 volúmenes
650 0 4 _aLiteratura europea
_926524
650 0 4 _aLiteratura francesa
_97794
942 _cLIBRO
_a18
_e1
_mC53
_2DEWEY
_h840
999 _c5424
_d5424